Word Ladder: Secretive Proverb Quiz Stats

 Plays Quiz Updated Jul 17, 2014

Support Sporcle.
Go Orange.
Score 0/11 Timer 01:30
1 Play Today
Clue 3-Letter Answer % Correct
Familiar expression: tit for ___TAT
96.9%
Peg used for driving the ball in golfTEE
95.3%
Flying mammalBAT
92%
In Vietnam, the ___ OffensiveTET
91.8%
Edible cereal grassOAT
79.8%
Meriwether or Marvin, e.g.LEE
77.5%
Prune; clip; trimCUT
75.6%
★ Proverb: [Rung 1] the [Rung 6] [Rung 8] of the [Rung 11] = Reveal a secret ★●CAT●
73.9%
★ Proverb: [Rung 1] the [Rung 6] [Rung 8] of the [Rung 11] = Reveal a secret ★●LET●
69.3%
★ Proverb: [Rung 1] the [Rung 6] [Rung 8] of the [Rung 11] = Reveal a secret ★●OUT●
65.1%
★ Proverb: [Rung 1] the [Rung 6] [Rung 8] of the [Rung 11] = Reveal a secret ★●BAG●
61.9%

Today's Daily Dose

Missing Word
1961 Movies A-Z

Word Ladder
Study Light

Get the Picture
Bread and Butter

You're not logged in!

Compare scores with friends on all Sporcle quizzes.
OR
Log In

From the Vault

Only Best Picture Appearance

by LTH

Not everyone can be John Cazale.
Remove Ads.
Support Sporcle.
Get the best of Sporcle when you Go Orange. This ad-free experience offers more features, more stats, and more fun while also helping to support Sporcle. Thank you for becoming a member.

Show Comments

Extras

Top Quizzes Today


Score Distribution

Your Account Isn't Verified!

In order to create a playlist on Sporcle, you need to verify the email address you used during registration. Go to your Sporcle Settings to finish the process.

Report this User

Report this user for behavior that violates our Community Guidelines.

Details: